000
00291nam a22001337a 4500
008
170504b xxu||||| |||| 00| 0 eng d
020
_a
9780205293919
041
_a
eng
080
_a
343.9
100
_a
15
101
_a
SHJ
245
_a
CRIMINAL JUSTICE
_c
ALBANESE, J.S
942
_2
udc
_c
BK
999
_c
12723
_d
12723